000 00679nam a22001937a 4500
003 AUA.1
005 20250213132043.0
008 250213b |||||||| |||| 00| 0 eng d
020 _a9783036505220
040 _cJTL
050 _aLB1028.3
_b.M378 2021
245 _aTeaching and Learning Advances on Sensors for IoT /
_cSergio Martin (Editor)
260 _aBasel, Switzerland :
_bMDPI - Multidisciplinary Digital Publishing Institute,
_cc2021
300 _aix, 109 p. :
_bill. col. ,
_c25 cm
500 _aIncludes bibliographies
630 _l History of engineering & technology
700 _aMartin, Sergio
942 _2lcc
_cBOOK
_hLB 1028.3
_i.M378 2021
999 _c25036
_d25036